UK economic property and market review (Record no. 110454)

MARC details
000 -LEADER
fixed length control field 01356cad a22002295a 4500
001 - CONTROL NUMBER
control field L149277
008 - FIXED-LENGTH DATA ELEMENTS--GENERAL INFORMATION
fixed length control field 100216s2010 xxkad f s 000 0 eng d
035 ## - SYSTEM CONTROL NUMBER
System control number (Sirsi) u149277
041 0# - LANGUAGE CODE
Language code of text/sound track or separate title eng
050 04 - LIBRARY OF CONGRESS CALL NUMBER
Classification number 333.6324 $2 18
110 2# - MAIN ENTRY--CORPORATE NAME
Corporate name or jurisdiction name as entry element GVA Grimley
9 (RLIN) 3646
245 00 - TITLE STATEMENT
Title UK economic property and market review
Remainder of title Q1 2010
Medium [electronic resource]
260 ## - PUBLICATION, DISTRIBUTION, ETC.
Place of publication, distribution, etc. London
Name of publisher, distributor, etc. GVA Grimley
Date of publication, distribution, etc. 2010
490 #0 - SERIES STATEMENT
Series statement GVA Grimley Economic and Property Market Review UK
Volume/sequential designation First Quarter 2010
520 ## - SUMMARY, ETC.
Summary, etc. Economic growth in Q4 2009 was a provisional +0.1% showing little real improvement from the -0.2% achieved in Q3. Output declined by 3.3% over the last 12 months and by 6% during the recession. The occupier market is now past the lowest point in the cycle but demand will improve only gradually and the fall in average UK rental values is not likely to reverse until 2012.The supply/demand imbalance for good quality investment opportunities has continued to exert downward pressure on yields and a strong double-digit return for 2010 is expected.
590 ## - LOCAL NOTE (RLIN)
Local note KA NTK
650 24 - SUBJECT ADDED ENTRY--TOPICAL TERM
Topical term or geographic name entry element GVA GRIMLEY ECONOMIC AND PROPERTY MARKET REVIEW UK
651 #4 - SUBJECT ADDED ENTRY--GEOGRAPHIC NAME
Geographic name United Kingdom
Chronological subdivision
690 ## - LOCAL SUBJECT ADDED ENTRY--TOPICAL TERM (OCLC, RLIN)
Topical term or geographic name as entry element PROPERTY-COMMERCIAL PROPERTY-COMMERCIAL PROPERTY MARKET
856 40 - ELECTRONIC LOCATION AND ACCESS
Uniform Resource Identifier <a href="https://www.gvagrimley.co.uk/x4190.xml">https://www.gvagrimley.co.uk/x4190.xml</a>
Public note View this report free of charge at www.gvagrimley.co.uk...
942 ## - ADDED ENTRY ELEMENTS (KOHA)
Suppress in OPAC 0
Holdings
Withdrawn status Lost status Source of classification or shelving scheme Damaged status Not for loan Home library Current library Shelving location Date acquired Total Checkouts Full call number Barcode Date last seen Copy number Price effective from Koha item type
    Dewey Decimal Classification     Virtual Virtual Online 16/02/2010   ONLINE PUBLICATION 149277-2001 06/08/2019 1 06/08/2019 Book